[Event "LTU-ch Men 2019"]
[Site "Vilnius"]
[Date "2019.03.17"]
[Round "4.14"]
[White "Bagdanskis, Dangis"]
[Black "Eigminas, Kipras"]
[Result "0-1"]
[WhiteElo "1716"]
[BlackElo "2034"]
[Annotator "NA RC"]
[PlyCount "46"]
[EventDate "2019.??.??"]
[EventCountry "LTU"]
[SourceTitle "playchess.com"]
[Source "ChessBase"]
[SourceQuality "1"]
[TimeControl "5400+30"]

{[%evp 11,39,8,10,5,17,0,0,3,31,5,16,12,12,-24,4,0,0,-2,20,20,27,21,85,77,82,24,22,21,27,51]} 1. d4 {[%emt 0:00:00]} Nf6 {[%emt 0:00:00]} 2. Nf3 {[%emt 0:00:00]} g6 {[%emt 0:00:00]} 3. Bf4 {[%emt 0:01:23]} Bg7 {[%emt 0:00:00]} 4. e3 {[%emt 0:00:06]} O-O {[%emt 0:00:00]} 5. Be2 {[%emt 0:00:08]} c5 {[%emt 0:00:00]} 6. c3 {[%emt 0:00:16]} d6 {[%emt 0:00:06]} 7. O-O {[%emt 0:05:39]} b6 {[%emt 0:00:05]} 8. Qb3 {[%emt 0:02:19]} Nbd7 {[%emt 0:03:25]} 9. h3 {[%emt 0:05:35]} Bb7 {[%emt 0:00:52]} 10. Nbd2 {[%emt 0:01:34]} Qc7 {[%emt 0:00:26] A48: 1 d4 Nf6 2 Nf3 g6: Torre, London and Colle Systems} (10... a6) 11. Bh2 {[%emt 0:09:19]} a6 {[%emt 0:00:11]} 12. Ne1 $146 {[%emt 0:00:35]} ({Predecessor:} 12. a4 Rab8 13. Rfd1 b5 14. Rdc1 c4 15. Qc2 Qc6 16. axb5 axb5 17. b4 Ra8 18. Ne1 e5 19. dxe5 dxe5 20. Ndf3 {0-1 (46) Kotlar,A (2047)-Peleikis,H (1986) Binz 2017}) 12... e5 {[%emt 0:03:22]} 13. dxe5 {[%emt 0:07:01]} dxe5 {[%emt 0:01:29]} 14. Bf3 {[%emt 0:00:07]} Rad8 {[%emt 0:02:55]} 15. Bxb7 {[%emt 0:00:18]} Qxb7 {[%emt 0:00:01]} 16. a4 {[%emt 0:02:31]} e4 {[%emt 0:03:15]} 17. Nc4 {[%emt 0:00:16]} Qc6 {[%emt 0:01:54]} 18. Rd1 {[%emt 0:00:18]} b5 {[%emt 0:01:38]} 19. axb5 axb5 20. Nd6 $14 {[%emt 0:02:27]} Nb6 {[%emt 0:01:32]} 21. Nxf7 {[%emt 0:00:30]} Rxd1 {[%emt 0:00:04]} 22. Nh6+ {[%emt 0:00:01]} Kh8 {[%emt 0:00:25]} 23. Qg8+ {[%emt 0:00:02]} Nxg8 {[%emt 0:00:02]} 0-1

[Event "LTU-ch Men 2019"]
[Site "Vilnius"]
[Date "2019.03.17"]
[Round "5.1"]
[White "Malisauskas, Vidmantas"]
[Black "Chocenka, Dmitrijus"]
[Result "1/2-1/2"]
[WhiteElo "2451"]
[BlackElo "2287"]
[Annotator "TA"]
[PlyCount "44"]
[EventDate "2019.??.??"]
[EventCountry "LTU"]
[SourceTitle "playchess.com"]
[Source "ChessBase"]
[SourceQuality "1"]

{[%evp 14,44,30,13,14,0,-10,0,8,-6,-15,-30,-25,-30,0,0,27,-7,-5,0,0,-42,-57,-42,-33,-58,-66,-82,-84,-81,-81,-96,-84]} 1. d4 Nf6 2. c4 g6 3. Nc3 Bg7 4. e4 d6 5. h3 O-O 6. Bg5 c5 7. d5 e6 8. Nf3 exd5 {E71: King's Indian: 4 e4 d6 5 h3} 9. exd5 (9. cxd5 h6 10. Be3 a6 11. a4 Re8 12. Bd3 Nbd7 13. O-O Nh5 14. Re1 Qf6 15. Rc1 Nf4 16. Bf1 Ne5 17. Nxe5 Qxe5 18. Nb1 Bd7 19. Na3 Qf6 20. f3 {1-0 (36) Kazhgaleyev,M (2589)-Topalov,V (2752) Astana 2012}) 9... Re8+ 10. Be2 h6 {The position is equal.} 11. Bd2 Bf5 12. O-O Ne4 13. Rc1 $146 ({Predecessor:} 13. Nxe4 Bxe4 14. Bc3 Bxc3 15. bxc3 Nd7 16. Bd3 Bxf3 17. Qxf3 Ne5 18. Qg3 Qg5 19. Qxg5 hxg5 {0-1 (40) Simunic,N (1732)-Armanda,I (2356) Split 2010}) 13... Nxd2 14. Qxd2 Qf6 15. Bd3 (15. g4 $5 {[%cal Rg4f5]} Bc8 16. Rce1 $14) 15... a6 {[%cal Ba7a6,Ba6b5][%mdl 32]} 16. Bxf5 Qxf5 17. Qc2 (17. Ne2 {feels hotter.} Nd7 18. Ng3 Qf6 19. Rce1 b5 20. b3) 17... Qxc2 18. Rxc2 b5 19. cxb5 Bxc3 $1 20. bxc3 {[#] And now b6 would win.} axb5 {Black is better.} 21. Rb1 Ra5 22. Rcb2 Nd7 1/2-1/2

[Event "LTU-ch Men 2019"]
[Site "Vilnius"]
[Date "2019.03.17"]
[Round "5.2"]
[White "Brazdzionis, Andrius"]
[Black "Laurusas, Tomas"]
[Result "1/2-1/2"]
[WhiteElo "2311"]
[BlackElo "2495"]
[Annotator "TA"]
[PlyCount "83"]
[EventDate "2019.??.??"]
[EventCountry "LTU"]
[SourceTitle "playchess.com"]
[Source "ChessBase"]
[SourceQuality "1"]

{[%evp 9,83,8,13,-5,11,-14,23,11,22,2,4,0,11,-1,0,0,0,0,0,-4,0,0,6,-4,0,-10,-9,-17,-9,-20,0,-17,-3,-19,0,-4,-10,-10,0,-7,-8,-7,-7,-10,-9,-32,-11,-9,0,-23,0,0,0,-32,-31,-31,-19,-19,-19,-19,-23,-17,-4,-10,0,0,0,0,0,0,38,0,0,0,0,0]} 1. d4 Nf6 2. c4 g6 3. Nc3 d5 4. Nf3 Bg7 5. h4 c6 6. Bg5 {D90: Grünfeld: 4 Nf3 Bg7 sidelines} (6. cxd5 cxd5 7. Bf4 Nc6 8. e3 O-O 9. Qb3 Na5 10. Qa3 Nc4 11. Bxc4 dxc4 12. O-O Bd7 {½-½ (74) Fedoseev,V (2724)-Carlsen,M (2835) Wijk aan Zee 2019}) 6... O-O 7. e3 h6 8. Bxf6 {White has an edge.} Bxf6 9. cxd5 $146 ({Predecessor:} 9. Ne5 Bxe5 10. dxe5 dxc4 11. Bxc4 Qxd1+ 12. Rxd1 b5 13. Nxb5 {½-½ (32) Kekelidze,M (2383)-Schmitz,P (2178) Werther 2018}) 9... cxd5 10. Qb3 e6 11. Bd3 Nc6 12. Rc1 Bd7 13. g3 Rc8 14. O-O Na5 15. Qd1 Qb6 16. b3 Rfd8 17. Ne2 {[%cal Bc3e2,Be2f4,Bf4d3,Bd3c5][%mdl 32]} Nc6 {[%cal Ba5c6,Bc6e7,Be7f5][%mdl 32]} 18. Nf4 Be8 19. Bb1 $1 Bg7 20. Nd3 Ne7 21. Qd2 Nf5 22. Rxc8 Rxc8 23. Rc1 Rc7 24. Nc5 Nd6 25. Kg2 Rc8 26. Ng1 Qd8 27. f3 Qe7 28. Ne2 Nb5 29. h5 e5 (29... gxh5 {seems wilder.} 30. a4 Na3 31. Bd3 h4 32. gxh4 b6) 30. hxg6 fxg6 31. Nd3 (31. a4 {keeps more tension.} exd4 32. exd4 Nxd4 33. Nxd4 Rxc5 34. Re1) 31... Rxc1 32. Ndxc1 exd4 33. Nxd4 Nxd4 34. exd4 h5 35. Ne2 {[#]} Bh6 $1 {[%mdl 512]} 36. Nf4 (36. Qxh6 Qxe2+) 36... Bf7 37. Bxg6 Bxf4 $1 38. Bxf7+ Qxf7 39. gxf4 Qg6+ $1 40. Kh2 Kf7 41. Qc3 {[#] aiming for Qc7+.} Qc6 42. Qd3 {Accuracy: White = 44%, Black = 40%.} 1/2-1/2

[Event "LTU-ch Men 2019"]
[Site "Vilnius"]
[Date "2019.03.17"]
[Round "5.3"]
[White "Kalvaitis, Sigitas"]
[Black "Zickus, Simonas"]
[Result "1/2-1/2"]
[WhiteElo "2143"]
[BlackElo "2330"]
[Annotator "NA"]
[PlyCount "36"]
[EventDate "2019.??.??"]
[EventCountry "LTU"]
[SourceTitle "playchess.com"]
[Source "ChessBase"]
[SourceQuality "1"]
[TimeControl "5400+30"]

1. e4 {[%emt 0:00:40]} c5 {[%emt 0:00:00]} 2. Nf3 {[%emt 0:00:04]} Nc6 {[%emt 0:00:00]} 3. Bb5 {[%emt 0:00:04]} g6 {[%emt 0:00:04]} 4. O-O {[%emt 0:00:08]} Bg7 {[%emt 0:00:03]} 5. c3 {[%emt 0:00:25]} e5 {[%emt 0:00:28]} 6. d4 {[%emt 0:00:04]} cxd4 {[%emt 0:00:38]} 7. cxd4 {[%emt 0:00:11]} exd4 {[%emt 0:00:47]} 8. Bf4 {[%emt 0:00:34]} Nge7 {[%emt 0:00:16]} 9. Bd6 {[%emt 0:01:19]} O-O {[%emt 0:00:06]} 10. Nbd2 {[%emt 0:00:13]} a6 {[%emt 0:00:18]} 11. Bc4 {[%emt 0:00:04]} b5 {[%emt 0:00:12]} 12. Bd5 {[%emt 0:00:25]} Bb7 {[%emt 0:00:51]} 13. Nb3 {[%emt 0:05:23]} Nxd5 {[%emt 0:00:13]} 14. Bxf8 {[%emt 0:00:10]} Qxf8 {[%emt 0:03:34]} 15. exd5 {[%emt 0:00:04]} Ne5 {[%emt 0:00:31]} 16. Nbxd4 {[%emt 0:05:39]} Qd6 {[%emt 0:08:06]} 17. Rc1 {[%emt 0:13:49]} Qxd5 $14 {[%emt 0:21:00]} 18. b3 {[%emt 0:06:37]} a5 {[%emt 0:17:25]} 1/2-1/2

[Event "LTU-ch Men 2019"]
[Site "Vilnius"]
[Date "2019.03.17"]
[Round "5.4"]
[White "Juksta, Karolis"]
[Black "Baginskaite, Camilla"]
[Result "0-1"]
[WhiteElo "2281"]
[BlackElo "2136"]
[Annotator "TA"]
[PlyCount "92"]
[EventDate "2019.??.??"]
[EventCountry "LTU"]
[SourceTitle "playchess.com"]
[Source "ChessBase"]
[SourceQuality "1"]

{[%evp 16,92,0,0,0,0,22,15,25,15,35,18,34,27,44,35,41,24,31,16,16,13,22,28,17,15,50,23,73,76,59,21,12,19,8,-37,31,-22,-23,-54,-27,-40,0,0,0,0,0,-210,-219,-227,-181,-214,-194,-580,-583,-651,-591,-566,-562,-758,-756,-903,-925,-858,-847,-806,-817,-2316,-2107,-29968,-10385,-29977,-29978,-29988,-29987,-29987,-29987,-29987,-29988]} 1. d4 Nf6 2. c4 e6 3. Nc3 Bb4 4. e3 O-O 5. Nge2 d5 6. a3 Bd6 7. Ng3 c5 8. dxc5 Bxc5 9. b4 Be7 {E46: Nimzo-Indian: Rubinstein: 4 e3 0-0 5 Ne2 without early Bd3} 10. cxd5 (10. Bb2 a6 11. cxd5 exd5 12. Bd3 Nc6 13. Nce2 Bd6 14. O-O Be6 15. f4 Bc7 16. Bc2 Bg4 17. Qd3 Bxe2 18. Nxe2 {½-½ (52) Svidler,P (2746)-Bologan,V (2672) Tromsoe 2013}) 10... exd5 11. Bd3 Nc6 {The position is equal.} 12. Nce2 Ng4 $146 ({Predecessor:} 12... Ne5 13. Bb2 Nc4 14. Bc3 a5 15. b5 Bg4 16. h3 Bxe2 17. Qxe2 Nxa3 {½-½ (56) Fier,A (2570)-Parligras,M (2574) Tromsoe 2014}) 13. Bb2 Bf6 14. Bxf6 Qxf6 15. O-O $1 Be6 16. h3 (16. b5 {with more complications.} Na5 17. Nd4 Qh6 18. h3 Ne5 19. a4) 16... Nge5 17. f4 Nxd3 18. Qxd3 Rad8 19. Rac1 Rfe8 20. Rc5 Bc8 21. Rf3 d4 {[#]} 22. e4 $1 Qe7 23. Rd5 Be6 24. Rxd8 Rxd8 25. Qc2 ({Of course not} 25. b5 Na5 $17) 25... f6 (25... Qd6 $15 26. Rd3 b5) 26. Rd3 ({Better is} 26. b5 $14) 26... a6 $11 27. Nc1 Qf7 28. Rf3 h5 29. Nd3 h4 $36 {[%mdl 2048] Black has some pressure.} 30. Nf1 Bb3 31. Qf2 $2 (31. Qb1 $11 {and White has nothing to worry.}) 31... Bd1 $19 {[%mdl 64] Trapped Piece} 32. Nd2 Bxf3 33. Nxf3 Qb3 34. Nc5 $2 (34. Qd2 {is a better chance.}) 34... Qxa3 35. Qxh4 Qxb4 36. Ne6 Re8 37. f5 d3 38. Qh5 Re7 39. Nfg5 fxg5 40. Nxg5 Qd4+ 41. Kh1 {[#]} g6 $1 42. Qxg6+ (42. fxg6 Qa1+) 42... Qg7 43. Qh5 d2 {Black mates.} 44. Ne6 {[#]} Rxe6 $1 45. fxe6 Qa1+ 46. Kh2 Qe5+ {Accuracy: White = 48%, Black = 55%.} ({And not} 46... d1=Q 47. Qf7+ Kh8 48. Qf8+ Kh7 49. Qf5+ Kh8 50. Qf8+ Kh7 51. Qf5+ Kh8 52. Qf8+ $11) 0-1

[Event "LTU-ch Men 2019"]
[Site "Vilnius"]
[Date "2019.03.17"]
[Round "5.5"]
[White "Eigminas, Kipras"]
[Black "Mickevicius, Juras"]
[Result "1/2-1/2"]
[WhiteElo "2034"]
[BlackElo "2273"]
[Annotator "ChessBase"]
[PlyCount "43"]
[EventDate "2019.??.??"]
[EventCountry "LTU"]
[SourceTitle "playchess.com"]
[Source "ChessBase"]
[SourceQuality "1"]
[TimeControl "5400+30"]

1. e4 {[%emt 0:00:00]} c6 {[%emt 0:00:00]} 2. Nf3 {[%emt 0:00:00]} d5 {[%emt 0:00:00]} 3. Nc3 {[%emt 0:00:00]} Bg4 {[%emt 0:00:00]} 4. h3 {[%emt 0:00:00]} Bxf3 {[%emt 0:00:02]} 5. Qxf3 {[%emt 0:00:00]} e6 {[%emt 0:00:01]} 6. Be2 {[%emt 0:00:00]} Nf6 {[%emt 0:00:38]} 7. O-O {[%emt 0:00:08]} Nbd7 {[%emt 0:00:13]} 8. d4 {[%emt 0:00:07]} dxe4 {[%emt 0:00:54]} 9. Nxe4 {[%emt 0:00:02]} Nxe4 {[%emt 0:00:06]} 10. Qxe4 {[%emt 0:00:04]} Nf6 {[%emt 0:00:02]} 11. Qd3 {[%emt 0:00:05]} Bd6 {[%emt 0:00:06]} 12. Rd1 {[%emt 0:00:17]} Qc7 {[%emt 0:00:38]} 13. Bf3 {[%emt 0:00:46]} Bh2+ {[%emt 0:10:39]} 14. Kh1 {[%emt 0:02:53]} Bf4 {[%emt 0:00:05]} 15. c4 {[%emt 0:00:45]} O-O {[%emt 0:00:59]} 16. b4 {[%emt 0:02:02]} Bxc1 {[%emt 0:11:21]} 17. Raxc1 {[%emt 0:00:19]} Rad8 {[%emt 0:01:26]} 18. Qc3 {[%emt 0:03:34]} Rd7 {[%emt 0:02:12]} 19. a4 {[%emt 0:05:50]} a6 {[%emt 0:00:30]} 20. a5 {[%emt 0:01:33]} Rfd8 {[%emt 0:01:23]} 21. g3 {[%emt 0:00:34]} h6 {[%emt 0:00:24]} 22. Kg2 {[%emt 0:00:49]} 1/2-1/2

[Event "LTU-ch Men 2019"]
[Site "Vilnius"]
[Date "2019.03.17"]
[Round "5.6"]
[White "Zaksaite, Salomeja"]
[Black "Zilakauskis, Steponas"]
[Result "1-0"]
[WhiteElo "2260"]
[BlackElo "1679"]
[Annotator "NA RC"]
[PlyCount "59"]
[EventDate "2019.??.??"]
[EventCountry "LTU"]
[SourceTitle "playchess.com"]
[Source "ChessBase"]
[SourceQuality "1"]
[TimeControl "5400+30"]

{[%evp 22,59,196,32767,204,189,32767,32767,204,198,218,209,228,225,324,32767,272,322,341,331,337,318,408,440,525,547,1219,602,32767,1058,943,1268,2356,3057,32767,32767,32767,706,29990,29991]} 1. e4 {[%emt 0:00:00]} e6 {[%emt 0:00:00]} 2. d4 {[%emt 0:00:00]} d5 {[%emt 0:00:00]} 3. Nc3 {[%emt 0:00:00]} Bb4 {[%emt 0:00:00]} 4. Nge2 {[%emt 0:01:01]} Nc6 {[%emt 0:00:37]} 5. e5 {[%emt 0:00:32]} f6 {[%emt 0:00:11]} 6. Nf4 {[%emt 0:02:19] C15: French: 3 Nc3 Bb4: Unusual White 4th moves} Qe7 {[%emt 0:00:21]} 7. Bb5 {[%emt 0:03:15]} Bd7 $146 {[%emt 0:04:50]} ({Predecessor:} 7... fxe5 8. Bxc6+ bxc6 9. Qh5+ Qf7 10. Qxf7+ Kxf7 11. dxe5 Ba6 12. Bd2 Bf8 13. O-O-O {1-0 (54) Saptarshi,R (2402)-Grover,S (2509) Kolkata 2012}) 8. Bxc6 {[%emt 0:01:27]} bxc6 {[%emt 0:02:19]} 9. Nd3 {[%emt 0:02:13]} c5 {[%emt 0:02:27]} 10. a3 {[%emt 0:13:08]} Ba5 {[%emt 0:10:56]} 11. Nxc5 {[%emt 0:05:27]} fxe5 {[%emt 0:00:36]} (11... Bb6 $16) 12. Qh5+ {[%emt 0:00:28]} Kf8 {[%emt 0:03:42]} 13. Qxe5 {[%emt 0:01:23]} Nf6 {[%emt 0:10:34]} 14. O-O {[%emt 0:00:34]} h6 {[%emt 0:04:26]} 15. b4 {[%emt 0:11:34]} Bb6 {[%emt 0:00:35]} 16. a4 {[%emt 0:00:07]} Bxc5 {[%emt 0:04:29]} 17. dxc5 {[%emt 0:01:42]} Be8 {[%emt 0:06:00]} 18. Ba3 {[%emt 0:01:54]} a6 {[%emt 0:01:21] [#]} 19. c6 $1 {[%emt 0:05:42]} Kg8 {[%emt 0:00:22]} 20. b5 {[%emt 0:00:45]} Qf7 {[%emt 0:00:11]} 21. Rfe1 {[%emt 0:07:30]} axb5 {[%emt 0:02:48]} 22. axb5 {[%emt 0:00:06]} Qg6 {[%emt 0:00:09]} 23. Qxc7 {[%emt 0:02:31]} Qxc2 {[%emt 0:00:08] [#]} 24. Qe5 {[%emt 0:16:30]} (24. Bf8 $142 $1 {[%mdl 512]} Kxf8 25. Rxa8 {[%mdl 64] Decoy}) 24... Ng4 {[%emt 0:04:21]} 25. Qxe6+ {[%emt 0:03:08]} Bf7 {[%emt 0:00:09]} 26. Qxg4 {[%emt 0:00:52]} Qxc3 {[%emt 0:00:16] [#]} 27. Bb2 $1 {[%emt 0:00:27] Discovered Attack} Qxb2 {[%emt 0:03:21]} 28. Rxa8+ {[%emt 0:00:11]} Kh7 {[%emt 0:00:08]} 29. Rxh8+ {[%emt 0:00:18]} (29. Qf5+ $142 Bg6 30. Rxh8+ {[%mdl 64] Overworked Piece} Kxh8 31. Qxg6 Qb1 32. Qxb1 g5 33. Qg6 d4 34. Re8#) 29... Kxh8 {[%emt 0:00:04]} 30. c7 {[%emt 0:00:07]} 1-0

[Event "LTU-ch Men 2019"]
[Site "Vilnius"]
[Date "2019.03.17"]
[Round "5.7"]
[White "Steponavicius, Stasys"]
[Black "Valantiejus, Vaidotas"]
[Result "0-1"]
[WhiteElo "2194"]
[BlackElo "2048"]
[Annotator "TA"]
[PlyCount "144"]
[EventDate "2019.??.??"]
[EventCountry "LTU"]
[SourceTitle "playchess.com"]
[Source "ChessBase"]
[SourceQuality "1"]

{[%evp 22,144,29,27,27,31,31,29,36,30,28,0,43,42,48,43,46,49,38,47,48,50,67,72,70,66,80,71,73,71,78,74,89,71,116,105,170,73,72,75,92,84,91,90,93,92,100,92,94,90,99,75,139,137,137,76,203,122,122,121,119,100,96,0,119,119,119,114,122,0,0,0,0,0,0,0,0,0,0,0,0,-121,-122,-205,-205,-191,-170,-512,0,0,0,-8,-8,-8,-7,-8,-7,-7,-7,-7,580,580,580,576,576,0,0,-29974,-29975,-29975,-29976,-29976,-29977,-29977,-29978,-29978,-29979,-29979,-29980,-29980,-29981,-29982,-29983,-29990,-102]} 1. d4 d5 2. c4 e6 3. Nc3 c5 4. cxd5 exd5 5. Nf3 Nc6 6. g3 Nf6 7. Bg2 Be7 8. Bg5 O-O 9. O-O c4 10. Ne5 Be6 11. Nxc6 bxc6 12. b3 h6 {D34: Tarrasch Defence: 6 g3 Nf6 7 Bg2 Be7} 13. Bxf6 Bxf6 14. bxc4 dxc4 {White has an edge.} 15. e3 $1 Qa5 16. Na4 {With the idea Nc5.} (16. Rc1 Rac8 17. Qa4 Qxa4 18. Nxa4 Be7 19. Rfd1 Rfd8 20. Rc2 {½-½ (64) Yuffa,D (2527)-Demuth,A (2543) Cap d'Agde 2017}) 16... Bd5 $146 ({Predecessor:} 16... Rab8 17. Nc5 Rb2 18. Nxe6 fxe6 19. Bxc6 Rxa2 {1-0 (41) Combie,A (2041)-Byway,P (2098) England 2016}) 17. Qc2 Be7 18. Nb2 Bxg2 19. Kxg2 Qd5+ $1 20. Kg1 c5 21. Qxc4 Qxc4 22. Nxc4 cxd4 23. exd4 Bf6 24. Rad1 $1 Rfd8 25. d5 $1 Rac8 26. Ne3 Be7 27. Rfe1 Bc5 28. Nf5 Rc7 (28... Bd6 $16 {was worth a try.}) 29. Re2 (29. d6 $18 {has better winning chances.} Rcd7 30. Rd5) 29... Rcd7 30. Red2 Kh7 31. Kg2 g6 32. Ne3 Bxe3 33. fxe3 $16 {[%mdl 4096] Endgame KRR-KRR} f5 34. Kf3 Kg7 35. g4 Kf6 36. gxf5 gxf5 ({Black should play} 36... Kxf5 37. Rd4 Rd6) 37. d6 Re8 38. Rd5 (38. Rd4 $142) 38... Re5 (38... Re4 $16) 39. R5d4 Ra5 40. R1d2 Ke5 41. Kg3 Rc5 42. Kf3 Ra5 $1 43. a4 Rc5 44. h3 Rc1 45. e4 (45. Rd5+ $16 Ke6 46. R5d4) 45... Rc3+ $11 46. Ke2 fxe4 47. Rd5+ Kf4 48. Rh5 Ra3 49. a5 Re3+ 50. Kd1 Ra3 51. Rh4+ (51. Rxh6 $11 Rxa5 52. Rf2+ Ke3 53. Re2+ Kf4 54. Rf2+ Ke3 55. Re2+ Kf4 56. Rf2+) 51... Ke3 $1 $17 {...Ra1+ is the strong threat.} 52. Rd5 (52. Re2+ $17 Kf3 53. Rexe4 Rxd6+ 54. Kc2) 52... Rd3+ $19 53. Rxd3+ Kxd3 54. Rxh6 $2 {[#] KR-KR} (54. Rg4 {is a better chance.}) 54... Rg7 $2 (54... Rb7 $1 $19 {[%cal Rb7b1]} 55. Kc1 e3) 55. Kc1 $1 $11 e3 56. Re6 $132 {[%mdl 2048] White is not keeping still} e2 57. h4 $1 Rd7 (57... Rg4 $5 58. h5 $8 Rg1+ 59. Kb2 Rg7 $15) 58. h5 Rd8 (58... a6 $5) 59. h6 Rc8+ 60. Kb2 {Threatens to win with d7.} Rh8 $2 {[%mdl 8192]} (60... Rb8+ $11 {and Black has nothing to worry.} 61. Kc1 Rc8+ 62. Kb2 Rb8+ 63. Kc1 Rb7) 61. d7 $18 {White threatens Re8 and mate.} Rd8 62. h7 Kd2 {And now ...Rb8+ would win.} 63. Re8 $2 (63. Rd6+ $18 Ke3 64. Re6+ Kf2 65. Kb3) 63... e1=Q $11 {( -> ...Qc1+)} 64. Rxe1 $4 {[%mdl 8192] [#]} (64. h8=Q $11 Qc1+ 65. Kb3 Qc2+ 66. Kb4 Qb1+ 67. Ka4 Qc2+ 68. Kb4 Qb1+ 69. Kc5 Qc2+ 70. Kb4) 64... Rb8+ $1 {Black mates.} 65. Ka3 Kxe1 {KR-K3P} 66. a6 Kd2 67. Ka4 Kc3 68. h8=Q+ Rxh8 69. Kb5 Kd4 70. Kc6 Kc4 71. Kb7 Kb5 72. Kxa7 Rd8 {Accuracy: White = 53%, Black = 59%.} 0-1

[Event "LTU-ch Men 2019"]
[Site "Vilnius"]
[Date "2019.03.17"]
[Round "5.8"]
[White "Vardanyan, Aras"]
[Black "Kaunas, Kestutis"]
[Result "1/2-1/2"]
[WhiteElo "1916"]
[BlackElo "2156"]
[Annotator "TA"]
[PlyCount "115"]
[EventDate "2019.??.??"]
[EventCountry "LTU"]
[SourceTitle "playchess.com"]
[Source "ChessBase"]
[SourceQuality "1"]

{[%evp 16,115,6,-1,39,40,25,-18,-12,-20,-2,-13,-12,-23,-8,-25,17,-27,-22,-68,-27,-28,-16,-37,-30,-30,-22,-29,-33,-15,-16,-21,-23,-27,-29,-55,-59,-44,-27,-85,-78,-86,-86,-93,-57,-94,-93,-92,-82,-84,-80,-84,-76,-102,-106,-93,-112,-123,-83,-66,-21,-26,0,0,0,0,0,0,0,0,0,0,0,0,0,0,0,-7,-8,-8,0,-7,-7,-7,-7,-8,0,0,0,0,0,0,-7,-8,0,0,0,0,0,0,0,0]} 1. Nf3 d5 2. b3 Bg4 3. e3 Nd7 4. Bb2 e6 (4... Ngf6 5. h3 Bh5 6. g4 Bg6 7. Nh4 e5 8. d3 c6 9. Nd2 Bd6 10. Bg2 O-O 11. Qe2 a5 12. a3 Re8 13. Nxg6 hxg6 {1-0 (49) Grischuk,A (2766)-Caruana,F (2822) Saint Louis 2018}) 5. d4 Ngf6 6. Be2 {A06: Réti Opening:1 Nf3 d5} Bb4+ 7. c3 Bd6 8. O-O O-O 9. c4 {LiveBook: 11 Games} dxc4 10. bxc4 c5 11. Nfd2 $146 ({Predecessor:} 11. h3 Bh5 12. Nbd2 Rc8 13. Ne5 Bxe2 14. Qxe2 Qc7 15. Nxd7 Nxd7 {0-1 (41) Kovari,G (2385)-Karasek,L (2335) Slovakia 1997}) 11... Bxe2 12. Qxe2 Qc7 13. h3 cxd4 14. exd4 Rac8 15. Nc3 Bh2+ 16. Kh1 {[#] And now g3 would win.} Bf4 17. c5 Bxd2 18. Qxd2 Qa5 19. Ne4 Qxd2 20. Nxd2 b6 21. Rfc1 bxc5 22. Ba3 Rfd8 23. dxc5 Ne5 24. Nb3 Nc6 25. Rd1 Ne4 $36 {[%mdl 2048] Black has the initiative.} 26. Kg1 Nc3 27. Rxd8+ (27. Rd6 $11 {keeps the balance.}) 27... Rxd8 $17 28. Bb2 Na4 29. Ba3 e5 30. Re1 f6 31. Bc1 Kf7 32. f4 Ke6 33. fxe5 fxe5 34. Be3 Nc3 35. Bd2 Nxa2 36. Na5 Rxd2 37. Nxc6 {[%mdl 4096] Endgame KRN-KRN} Rd5 (37... e4 $5 38. Nxa7 Nc3 $17) 38. Ra1 Rxc5 {Strongly threatening ...Rc2.} (38... Nc3 {seems wilder.} 39. Rxa7 e4 40. Rxg7 Kf6 41. Re7 h5) 39. Nd8+ $1 {The position is equal.} Ke7 {[#] White must now prevent ...Nc1.} 40. Rxa2 {Nb7 is the strong threat.} Kxd8 41. Rxa7 $11 {KR-KR} Rc7 42. Ra5 Re7 43. Kf2 Kd7 44. Ke3 Ke6 45. Ke4 Kf6 46. h4 Re6 47. g4 h6 48. Rb5 Ra6 49. Rb4 Rd6 50. Ra4 g6 51. Rb4 Ra6 52. Rc4 Ke6 53. Rb4 Rc6 54. Ra4 Rd6 55. Rb4 h5 56. gxh5 gxh5 57. Ra4 Kf6 58. Rb4 {Precision: White = 67%, Black = 69%.} 1/2-1/2

[Event "LTU-ch Men 2019"]
[Site "Vilnius"]
[Date "2019.03.17"]
[Round "5.9"]
[White "Butvilas, Aistis"]
[Black "Stauskas, Lukas"]
[Result "1/2-1/2"]
[WhiteElo "1983"]
[BlackElo "2357"]
[Annotator "TA"]
[PlyCount "71"]
[EventDate "2019.??.??"]
[EventCountry "LTU"]
[SourceTitle "playchess.com"]
[Source "ChessBase"]
[SourceQuality "1"]

{[%evp 26,71,-27,-45,0,-21,13,5,10,14,39,40,45,38,62,51,48,55,84,58,67,56,83,48,70,46,81,84,187,101,178,129,184,139,99,104,82,54,135,133,166,107,88,2,70,59,92,20]} 1. d4 Nf6 2. Nf3 e6 3. Bf4 d5 4. e3 Bd6 5. Bg3 O-O 6. Nbd2 b6 7. c3 c5 8. Bd3 Bb7 9. Ne5 Nc6 10. O-O Qc7 11. f4 Ne7 {D02: 1 d4 d5 2 Nf3 sidelines, including 2...Nf6 3 g3 and 2...Nf6 3 Bf4} 12. Qf3 (12. Qb1 Qc8 13. Bh4 Nf5 14. Bxf5 exf5 15. Bxf6 gxf6 16. Nef3 Qe6 17. Re1 Ba6 18. Nh4 cxd4 19. exd4 {1-0 (28) Korobov,A (2692)-Dominguez Perez,L (2739) Doha 2016}) 12... Nf5 13. Bf2 Be7 14. Ng4 {LiveBook: 6 Games} Ne8 $146 ({Predecessor:} 14... Nxg4 15. Qxg4 Nd6 16. Bh4 f5 17. Qh3 a5 18. Bxe7 Qxe7 19. Qf3 {0-1 (41) Boric,M (2368)-Drasko,M (2434) Jahorina 2018}) 15. dxc5 bxc5 16. e4 dxe4 17. Bxe4 Rb8 18. Bxb7 Rxb7 19. b3 h5 20. Ne5 $1 Nf6 21. Ndc4 g6 22. Nc6 Nd5 23. Nxe7+ Qxe7 24. Ne5 Rc7 25. Rfe1 a5 26. Rad1 a4 (26... Nf6 $16 {keeps fighting.}) 27. bxa4 ({White should try} 27. Rxd5 $18 exd5 28. Nxg6 $1 {[%mdl 512]} Qxe1+ 29. Bxe1 fxg6 30. Qxd5+ Kh7 31. Bf2 (31. bxa4 Rb8 $16)) 27... Rd8 (27... Nf6 $16 {was worth a try.}) 28. a5 Rcc8 (28... c4 $16 29. h3 Nh4) 29. Rb1 Qa7 30. c4 Nde7 31. Qc3 Nd4 (31... Nc6 $14) 32. Bh4 $16 Rd6 33. Bxe7 (33. Bf6 $18) 33... Qxe7 34. Rb2 ({White should play} 34. Rb6 $16) 34... Qc7 (34... Ra6 $11) 35. Reb1 $14 Ra6 36. Kf1 {Precision: White = 33%, Black = 12%.} (36. Qd3 $16 Qxa5 {[#]} 37. Nxg6 $1 {[%mdl 512]}) 1/2-1/2